LEADER 01225nam a2200277 i 4500 001 000000247963 003 CaOOAMICUS 005 20220228105705.0 008 160404s1991 it u000 u ita u 013 $a226868 020 $a88-06-12388-2 040 $aSeMil$bita 100 1 $aPoe, Edgar Allan,$d<1809-1849>.$0(OLS)http://semarc/name/7092 245 10$aManoscritto trovato in una bottiglia e altri racconti /$cEdgar Allan Poe ; traduzione di Giorgio Manganelli ; illustrazioni di Lia Rinetti. 264 1$a[s.l.] :$bEmme Edizioni,$c1991. 300 $a91 p. :$bill. ;$c25 cm. 650 4$aPoe, Edgar Allan <1809-1849> - Opere.$0(OLS)http://semarc/subject/51722 700 1 $aRinetti, Lia.$0(OLS)http://semarc/name/82983 700 1 $aManganelli, Giorgio,$d<1922-1990>.$0(OLS)http://semarc/name/6848 850 $aSeMil 852 $aSeMil$W1$xVenegono$y1$m1V V 201$j198309$B198309$CSeMilBibl$Z2$F211771 $81 961 $aOmaggio: Altro 996 $6020$a88-06-12388-2$9(OLS)http://semarc/number/257474 996 $6245$aManoscritto trovato in una bottiglia e altri racconti$9(OLS)http://semarc/title/350032 996 $6264$a[s.l.] :$bEmme Edizioni$9(OLS)http://semarc/publisher/55191 LEADER 01491nam a2200229 4500 001 000000346799 003 CaOOAMICUS 005 20210628093254.0 008 210628s1923 it 000 u ita r 040 $aSeMil$bita 100 1 $aBattaglini, Giulio <1885- >.$0(OLS)http://semarc/name/62663 245 10$aMagistrato dei minorenni ; Patria potestà : relazioni presentate al Congresso per l'assistenza ai minorenni abbandonati e traviati (Roma, 27-29 maggio 1923) /$cprof. Giulio Battaglini, prof. D. Amilcare Piccioni. 264 1$aMilano :$bPio Istituto pei Figli della Provvidenza,$c1923. 300 $a58 p. ;$c23 cm 500 $aIn mezzo al front : Seguono i voti e le proposte in favore del problema minorile presentati nel marzo 1923 alle Loro Eccellenze il Presidente del Consiglio ed il Ministro di Grazia e Giustizia dai rappresentanti di alcune istituzioni milanesi 650 4$aMinori - Diritto - Legislazione.$0(OLS)http://semarc/subject/40624 700 1 $aPiccioni, Amilcare.$0(OLS)http://semarc/name/114199 850 $aSeMil 852 $aSeMil$W1$xVenegono$y1$m5A VI 2/4$j227109$B237874$CSeMilBibl$Z2$F237874 $81 996 $6245$aMagistrato dei minorenni ; Patria potestà : relazioni presentate al Congresso per l'assistenza ai minorenni abbandonati e traviati (Roma, 27-29 maggio 1923)$9(OLS)http://semarc/title/436023 996 $6264$aMilano :$bPio Istituto pei Figli della Provvidenza$9(OLS)http://semarc/publisher/49193